| 000 | 00512nam a22001577a 4500 | ||
|---|---|---|---|
| 999 |
_c511078 _d511078 |
||
| 020 | _a8176257389 | ||
| 082 | _aA6x5433 B179p\1 | ||
| 245 |
_aPunjab through the ages, vol.1 _cedited by S.R. Bakshi and Rashmi Pathak |
||
| 260 |
_aNew Delhi _bSarup _c2007 |
||
| 300 | _a292p. | ||
| 440 |
_aStudies in Indian history _910116 |
||
| 650 |
_aPunjab (India) -- History _910245 |
||
| 650 |
_aPunjab (India) -- Politics and government _910246 |
||
| 700 |
_aBakshi, S.R., ed. _910117 |
||
| 700 |
_aPathak, Rashmi, ed. _910118 |
||